000 00437nam a2200181Ia 4500
001 2962
005 20260306144845.0
008 260306t2003||||xx |||||||||||||| ||spa||
041 _aESP
082 _a236
_bD85
100 _aMartínez Puche, José A. (comp.)
_eAUT
245 0 _aDocumentos pontificios Marianos
260 _c2003
300 _a510 páginas :
_c21 cm.
650 _aGEN
654 _aCHU
942 _cLIB
_dJUS
_fJUS
_2ddc
_n
999 _c2962
_d2962